000 00748cam a22002413a 4500
001 9497
003 PGUSA
005 20140828083213.0
008 051201s2005||||xxu|||||s|||||000 | eng d
040 _aPGUSA
_beng
042 _adc
050 4 _aDG
100 1 _aLawrence, D. H.
_q(David Herbert),
_d1885-1930
245 1 0 _aTwilight in Italy
_h[electronic resource] /
_cD. H. Lawrence
260 _bProject Gutenberg,
_c2005
506 _aPublic domain in the USA.
516 _aElectronic text
653 _aItaly, Northern -- Description and travel
653 _aLawrence, D. H. (David Herbert), 1885-1930 -- Travel -- Italy, Northern
830 0 _aProject Gutenberg
_v9497
856 4 0 _uhttp://www.gutenberg.org/ebooks/9497
942 _cEB
999 _c238753
_d238753